| 000 | 00634nam a2200193 a 4500 | ||
|---|---|---|---|
| 001 | 000017619 | ||
| 005 | 20200929165155.0 | ||
| 008 | 100329s1986 dr 000 0 spa d | ||
| 040 |
_aDO-SdBNP _bspa _cBNPHU |
||
| 082 |
_axxx _bL864r |
||
| 100 | 1 |
_aLópez Reyes, Oscar _9750 |
|
| 245 | 1 | 0 |
_aRelaciones públicas & marketing social : _bconceptos y programas para la autogestión / _cOscar López Reyes. |
| 260 |
_aSanto Domingo : _bPanaméricana, _c1986. |
||
| 300 |
_a222 p. ; _c29 cm. |
||
| 490 | 1 | _aHumanidades | |
| 500 | _aIncluye datos biográficos del autor en la contraportada | ||
| 830 | 0 |
_aHumanidades _933453 |
|
| 049 | _aBNPD | ||
| 999 |
_c17144 _d17144 |
||